000 00833nam a22002777a 4500
003 CHAP
005 20220817042815.0
008 971013s1971 r 00010 d
010 _a56316
011 _a57288
035 _a61442
040 _cCHAP
082 _a080
_bS4 v.14
100 0 0 _aZea, Leopoldo
_ecomp.
_9123844
245 _aPrecursores del pensamiento latinoamericano contemporáneo
260 _aMéxico, D.F. :
_bSecretaría de Educación Pública,
_c1971
300 _a261 p.
490 _aSEP/Setentas
_v; 14
590 _aBATCH-UPD
_b10
_c20130110
_lUCH01
_h1823
590 _aCONVERSION
_b10
_c20130109
_lUCH01
_h1330
650 1 4 _aLiteratura latinoamericana.
_967135
830 0 _aSEP. Setentas
_v; 14
901 _aBK
942 _cLIBRO
949 _a080 S4 v.14
_bBC
_cLIBRO
_d-131966
_eLIBRO
_h44514
_i61442
_mD
_si
999 _c56316
_d56316